| 000 | 01037 a2200241 4500 | ||
|---|---|---|---|
| 001 | 1901 | ||
| 005 | 20260407155419.0 | ||
| 008 | 260407a2008 arg spa d | ||
| 003 | AR-UNSa-BCEJYS | ||
| 040 |
_aAR-UNSa-BCEJYS _bspa _cAR-UNSa-BCEJYS |
||
| 080 |
_a657 _xContabilidad |
||
| 245 | 1 | 0 |
_aTurismo. Contabilidad aplicada _pempresas del sector turístico. el patrimonio y sus variaciones. el proceso contable. modelos contables |
| 020 | _a978-987-1140-93-0 | ||
| 250 | _a1a. ed. | ||
| 264 | 1 |
_aBuenos Aires : _bOsmar D. Buyatti _c2008 |
|
| 300 |
_a296 p. _c22 cm. |
||
| 505 | _a1. La contabilidad y la información contable - 2. La teoría contable - 3. Modelos contables - 4. El proceso contable - 5. Elementos del activo y del pasivo - 6. Los estados contables | ||
| 942 | _cBK | ||
| 590 | _aniveau_biblio:m niveau_hierar:0 | ||
| 100 | 1 | _aPetti, Ana María | |
| 700 | 1 | _aFonseca, Diana Luján | |
| 856 | 4 | 1 |
_uhttps://biblioeco.unsa.edu.ar/pmb/images/libros/Turismo contabilidad aplicada2-l117966.jpg _yImagen de portada _qimage/jpeg |
| 999 |
_c201 _d201 |
||